Control and dynamic systems /
Guardado en:
| Otros Autores: | , |
|---|---|
| Formato: | Libro |
| Idioma: | English |
| Publicado: |
New York :
Academic Press.,
1980-.
|
| Materias: | |
| Etiquetas: |
Agregar Etiqueta
Sin Etiquetas, Sea el primero en etiquetar este registro!
|
| LEADER | 00905nam a22002295a 4500 | ||
|---|---|---|---|
| 001 | EIQ.libpla001415 | ||
| 008 | 061003s1980####nyua#####b####001#0#eng#d | ||
| 005 | 20061003194714.0 | ||
| 245 | 0 | 0 | |a Control and dynamic systems / |c edited by C. T. Leondes ; contributors Gerald J. Bierman ... [et al.]. |
| 260 | |a New York : |b Academic Press., |c 1980-. | ||
| 300 | |a v. : |b il. ; |c 24 cm. | ||
| 500 | |a Descripción basada en vol. 16: "Advances in theory and application". | ||
| 504 | |a Incluye referencias bibliográficas e índice. | ||
| 020 | |a 0120127164 | ||
| 700 | 1 | |a Leondes C. T. |q (Cornelius T), |e ed. |4 edt | |
| 700 | 1 | |a Bierman, Gerald J. |4 ctb | |
| 650 | 4 | |a Sistemas dinámicos |x Teoría. | |
| 650 | 4 | |a Sistemas dinámicos |x Aplicaciones. | |
| 650 | 4 | |a Dynamic systems |x Theory. | |
| 650 | 4 | |a Dynamic systems |x Applications. | |
| 040 | |a AR-BbSID |b spa |c AR-BbSID | ||
| 859 | |a AR-BbSID |b BIB. PLAPIQUI |h 629.831 2 |i C 628 |p 1561 | ||
